Statistiken für 15 Größte Städte Europas (mit einer Karte)

Klicken Sie hier um das Quiz zu spielen!

Allgemein

  • Dieses Quiz wurde 12.548 mal gespielt
  • Das Durchschnittsergebnis liegt bei 13 aus 14

Antworten auf der Karte

Die Antworten werden auf der Karte rot bzw. grün angezeigt, abhängig davon wie oft sie richtig erraten wurden.
Laden ...
 

Antwortstatistiken

BevölkerungAgglomeration% Korrekt
14,400,000London
100%
11,200,000Paris
100%
4,500,000Berlin
100%
6,250,000Madrid
99%
3,600,000Rom
99%
16,900,000Moskau
98%
3,450,000Athen
97%
4,850,000Köln / Düsseldorf
95%
4,650,000Barcelona
95%
14,300,000Istanbul
93%
5,450,000Sankt Petersburg
88%
5,150,000Mailand
88%
3,380,000Kiew
88%
4,250,000Neapel
79%

Verteilung der Resultate

Perzentil nach korrekt beantworteten Fragen

Anzahl Personen mit jedem Resultat

Ihre Resultats-Entwicklung

Sie haben dieses Quiz noch nicht gespielt